000 01436cam a2200181 a 4500
020 _a068483233X
020 _a9780684832333
040 _cDLC
082 0 0 _a909 SHA 2000 A087 Or.
100 1 _aShawcross, William
245 1 0 _aDeliver us from evil :
_bpeacekeepers, warlords, and a world of endless conflict /
300 _a447 pages ;
_c25 cm
520 1 _a"The end of the Cold War was followed by a decade of regional and ethnic wars, massacres and forced exiles, and by constant calls for America to lead the international community as chief peacekeeper. The efforts of that community - identified with the United Nations but often dominated by the world's wealthy nations - have had mixed results." "Shawcross, a veteran of many war zones, has had broad access to global policymakers, including UN secretary general Kofi Annan, high American diplomats, peacekeepers and humanitarian-aid professionals. He has traveled with them to some of the world's most horrifying killing fields. Deliver Us from Evil is his report on the many crises faced by the international community and its servants as they struggle to respond around the world. He brings home the price many have paid attempting to restore peace and help alleviate terrible suffering. He illuminates the risks we face in a complex and dangerous world."--Jacket
650 0 _aWorld politics
650 0 _aMilitary history, Modern
650 0 _aGenocide
942 _cEK
999 _c17037
_d17037